Yashwanth Bajji

N/A


Categories

Literature - British73001353567.4004
Literature - European54001154062.1102
Science - Physics110001154986.1801
Science - Chemistry3400853967.8601
Literature - World and Miscellaneous4200805371.0011
RMP - World Mythology2400705680.1700
Literature - American2300604474.6001
RMP - Islam14005563106.8001
RMP - Greco-Roman Mythology2200504683.5001
Science - Biology2200506067.7500
History - World1200354390.0001
Other - Other Academic and General Knowledge03003069105.0001
Social Science - Other2000304253.0001
Science - Earth03003077101.0000
RMP - Philosophy1100253864.0000
Science - Math1100256991.5001
Fine Arts - Painting1100255166.5000
Science - Engineering and Miscellaneous1100251563.5011
RMP - Hinduism1000153333.0000
Social Science - Psychology0100107979.0000
Fine Arts - Film010010141141.0000
Geography - United States0100106666.0000
History - American010010114114.0000
History - Cross, Historiography, and Miscellaneous0100106363.0000
RMP - Christian Practice010010115115.0000
RMP - East Asian Religion0100109595.0000
RMP - Jewish Practice010010128128.0000
Science - Astronomy0100107979.0000
Social Science - Economics0100109595.0000
Current Events - World010010140140.0000
Social Science - Linguistics000000.0000
Science - Computer Science000000.0000
RMP - Buddhism000000.0000

Buzzes

Science - Engineering and Miscellaneousflame-retardant2015
History - WorldKim017
Social Science - Psychologytrauma030
Science - Physicsentropy031
RMP - Greco-Roman MythologyKing Midas032
RMP - HinduismRama2033
Literature - BritishFrankenstein; or, The Modern Prometheus2035
RMP - PhilosophyBertrand Russell2038
Science - Chemistryelectronegativity2039
Literature - EuropeanDeath in Venice2040